MDQL
is popping MORE tags! Check the
thread
!
Quizzes
Events
Quiz Creation
Community
Videos
Private Events
Remove Ads
Sign In
Join for FREE
Feedback
Dark Mode
Quiz Categories
Sports
Geography
Music
Movies
Television
Just For Fun
Miscellaneous
History
Literature
Language
Science
Gaming
Entertainment
Religion
Holiday
For Kids
Quiz Lab
Recent
Popular Today
Quiz Kudos Today
Editor Picks
Curator Picks
Quizzes by...
Day
Popularity
Type
Ratings
Length
Year
Community
Subscriptions
Recent Discussions
Orange Saloon
Badges
Playlists
Quests
Create
Leaderboards
Showdown
Live 5
Trivia Bingo
Activity
Puzzle Library
Sporcle Events
Private Events
Virtual Trivia
Globe League
Become a Host
Pub Owners
SporcleCon
Opinionation
Our Games
Videos
Blog
Mobile Apps
Partnerships
Remove Ads and Go Orange
Feedback
Language
Vocabulary
Begins and Ends
Definition
Spanish
French
German
Italian
Chinese
Latin
Translation
Japanese
Language
Vocabulary
Begins and Ends
Definition
Spanish
French
German
Italian
Chinese
Latin
Translation
Japanese
Random Quiz
Search Sporcle
×
Quiz Lab
Quiz Lab
Language
Vocabulary
Select answers by clicking on text or image buttons
Select answers by clicking on text or image buttons
Clickable
Best Score? Go Orange.
ESL Vocabulary Stats
Can you name the ESL Vocabulary
By
aklabo
15m
52 Questions
165 Plays
165 Plays
165 Plays
Comments
Comments
Give Quiz Kudos
Give Quiz Kudos
-
- Ratings
hide this ad
Forced Order
Answers have to be entered in order
Answers have to be entered in order
Replay
Link that replays current quiz
Next Quiz
Link to next quiz in quiz playlist
You Got
0%
They Got
Avg Score
62%
Avg Friend Score
Upgrade to see
Score Distribution
Jump to the score distribution portion of the page
Score
0/52
Timer
15:00
0
Plays Today
% Correct
Labor Day
76.4%
teacher
75.2%
desk
75.2%
doctor
74.5%
February
74.5%
prettier
74.5%
best
73.9%
bravest
73.9%
ordinarily
73.3%
fool
73.3%
hotter
73.3%
student
70.9%
pencil
70.9%
green
70.9%
pink
70.9%
aunt
70.9%
accelerate
70.3%
sister-in-law
70.3%
more different
70.3%
worst
69.7%
gray
69.1%
8
69.1%
November
69.1%
witness
67.9%
purple
67.9%
street
67.9%
% Correct
boring
67.3%
orange
65.5%
earth
65.5%
evidence
64.8%
decelerate
64.8%
pen
63.6%
depressed
63.6%
more precise
63.6%
life
62.4%
space
62.4%
mystery
61.2%
prediction
58.8%
tense
58.2%
tensely
57.6%
out
56.4%
under
55.2%
content
50.3%
feud
49.1%
Lincoln
49.1%
sleuth
47.3%
simile
42.4%
red herring
41.2%
alibi
40%
metaphor
36.4%
personification
30.3%
hyperbole
26.7%
Quiz Playlist
Details
Report
Send in Message
Add To Playlist
Clickable:
Select answers by clicking on text or image buttons
Forced Order:
Answers have to be entered in order
Last Updated: Feb 16, 2017
Quiz Scoreboard
CHALLENGE
Sign Up to Join the Scoreboard
Show All
Scores
Hide
Comments
May contain spoilers
Recently Published
5x2 Blitz: Bands
by SL_Kpop136
Music
30s
Colored Red Africa Blitz
by spor1
Geography
30s
Find the 'City' Movie
by crazypaving
Movies
60s
More to Explore
Quiz From the Vault
Featured Blog Post
14 Easter Pick-up Lines to Find Eggs With
hide this ad
You Might Also Like...
Tags
Vocabulary Quiz
Today's Top Quizzes in Language
Browse Language
hide this ad
Today's Top Quizzes in Vocabulary
Browse Vocabulary
Top Contributed Quizzes in Language
1
Arabic Numerals
2
1-10 Letter F Words III
3
1-10 Letter G Words III
4
1-10 Letter H Words III
5
1-10 Letter I Words III
6
What Word Starts All?
7
1-10 Letter J Words III
8
1-10 Letter K Words III
9
1-10 Letter L Words III
10
1-10 Letter M Words III
Explore More
Trending Topics
Crossword
Disney
NBA
Kpop
Harry Potter
Anime
Marvel
Soccer
Puzzle
WWE
NFL
Pokémon
Song
The Office
Country
hide this ad
More By:
aklabo
Quiz
Plays
Rating
Category
Featured
Created
ESL Vocabulary
165
1.00
Language
Nov 1, 2013
Vocabulary Review Ch. 1-3
17
Language
Nov 1, 2013
Go to Creator's Profile
Score Distribution
Quiz Creator Spotlight
aklabo
Follow
Send a Message
Quizzes Created
-
Created Quiz Play Count
-
More By This Creator
Popular Quizzes Today
1
Colored Red Africa Blitz
2
Find the 'City' Movie
3
Find the US States - No Outlines Minefield
4
5x2 Blitz: Bands
5
The Countries of the World
6
Find the US States
7
Find the Countries of Europe - No Outlines Minefield
8
US States
More Language Quizzes
Risk Territories (Spanish Version)
Curator's Pick
Trending Quizzes
Colored Red Europe Blitz I
Colored Red Europe Blitz II
Colored Red Africa Blitz II
Colored Red Europe Blitz III
Colored Red Africa Blitz III
Recently Updated
How Do You Spell That?
pecheneg
Godzilla Movies
pecheneg
Grab Bag: 4-10 Letters
pecheneg
2024 March Madness Bracket
pecheneg
Famous TV Couples
Peacemaker
Champions League XIs: Real Madrid
pecheneg
Largest US Cities 1790-2010
pecheneg
Rides in Walt Disney World
pecheneg
Most Oscar Losses (Acting)
pecheneg
Beyoncé Albums
pecheneg
Trending Topics
Crossword
Disney
Harry Potter
Anime
Marvel
NBA
Kpop
NFL
Song
Soccer
The Office
Puzzle
Pokémon
WWE
Country
Your Account Isn't Verified!
In order to create a playlist on Sporcle, you need to verify the email address you used during registration. Go to your
Sporcle Settings
to finish the process.
Report this User
Report this user for behavior that violates our
Community Guidelines
.
Details:
Send Report
Go to the Sporcle.com Mobile Site →
Comments